000 00955nam a22002177a 4500
005 20231128142920.0
008 231128b ||||| |||| 00| 0 eng d
020 _a9789383765966
040 _cAL
041 _akan
082 _223
_aK894.9
_bPADK
100 _aPadekallu Narasimha Bhatta: ಪಾದೆಕಲ್ಲು ನರಸಿಂಹ ಭಟ್ಟ
_9143656
245 _aKavyameemamse Hosa Holahugalu:
_bಕಾವ್ಯಮೀಮಾಂಸೆ ಹೊಸ ಹೊಳಹುಗಳು
260 _aMangalore
_bPrasaranga Mangalore University
_c2015
300 _axii,245p.
_bPB
_c21x14cm
365 _2Kannada
_a063-65
_b100.00
_c
_d200.00
_e50%
_f23-11-2023
650 _aKannada Criticism: ಕನ್ನಡ ವಿಮರ್ಶೆ
_9143652
650 _aKannada Literature: ಕನ್ನಡ ಸಾಹಿತ್ಯ
_9143653
700 _aBHATTA (Padekallu Narasimha): ಭಟ್ಟ (ಪಾದೆಕಲ್ಲು ನರಸಿಂಹ)
_9143654
942 _2ddc
_cBK
999 _c229333
_d229333